000 00963nam a2200301Ia 4500
001 79048
003 IT-RoPAU
008 130308s9999 xx 000 0 und d
040 _aIT-RoPAU
040 _cIT-RoPAU
041 _aITALIANO
100 _aAA.VV.
100 _gCodice Aut. SPICS: 12000
245 _aScuola, educazione e mentalità massmediale
245 _bScuola, Educazione e Mentalita' Massmediale
250 _a1a ed.
260 _aROMA
260 _bEdav
260 _c1989 [1° Ed.:1989 - Ed.Ling.Originale:1988]
300 _a"144 p. (prefazione: no ; testo: 144 [pagine: 0-0])"
500 _aAtti dell'Incontro Convegno di Studio San Terenzo di Lerici (Sp) 1988 nuove Realtà della Comunicazione in Prospettiva Europea incontro con Luigi Magni regista del Film Secondo Ponzio Pilato
650 _aDIDATTICA AUDIOVISIVA
650 _eCodice materia Spics: 4002
942 _cBK
957 _71
999 _c67998
_d67998
999 _bSI
999 _g1